Predpisy o výbušninách príručka pre prax a školenie strelmajstrov ... vo všetkých odvetviach používajúcich výbušniny

Podrobná bibliografia
Ďalší autori: Müncner, Eduard (Zostavovateľ, kompilátor)
Médium: Kniha
Jazyk:slovenčina
PhysicalDescription:176 strán schémy 21 cm
Vydavateľské údaje: Spišské Podhradie SPPaZK Labanc 1996
Vydanie:1. vyd.
Predmet:

MARC

LEADER 00000cam a2200000 a 4500
001 vtls001475163
003 SK-MaSNL
005 20260301014910.0
008 240226s1996 xo l grf 000 0 slo
015 |a SNBA1996 
035 |a SNK000430464 
035 |a urn:nbn:sk:snk-am3j2ly 
035 |a F4BB71A3-C985-4BEF-B265-39B3DB690D4C 
035 |a urn:nbn:sk:snk-am00gfur 
040 |a SNK  |b slo  |c SNK  |e AACR2 
041 0 |a slo 
044 |a xo  |c SK 
072 7 |a 662  |x Výbušniny. Palivá  |2 konspekt 
080 |a 662.1/.4  |2 2011 
080 |a 331.47  |2 2011 
080 |a 656.073.436  |2 2011 
080 |a (094.5)  |2 2011 
080 |a (035)  |2 2011 
080 |a 613  |2 2011 
245 0 0 |a Predpisy o výbušninách  |b príručka pre prax a školenie strelmajstrov ... vo všetkých odvetviach používajúcich výbušniny  |c zostavil: Eduard Müncner 
250 |a 1. vyd. 
260 |a Spišské Podhradie  |b SPPaZK Labanc  |c 1996 
300 |a 176 strán  |b schémy  |c 21 cm 
500 |a Spoluvydavateľ Slovenská banícka spoločnosť pri OBÚ, Spišská Nová Ves a Slovenská spoločnosť pre trhacie a vŕtacie práce v Banskej Bystrici 
650 0 7 |a výbušniny  |2 SNKPH  |9 30130 
650 0 7 |a ochrana zdravia  |2 SNKPH  |9 1135 
650 0 7 |a preprava nebezpečného nákladu  |2 SNKPH  |9 69650 
655 7 |a právne predpisy  |2 SNKPH  |9 70481 
655 7 |a príručky  |2 SNKPH  |9 74364 
700 1 |a Müncner, Eduard  |4 com  |9 303921 
710 2 |a Slovenská banícka spoločnosť  |4 pbl  |9 77688 
710 2 |a Slovenská spoločnosť pre trhacie a vŕtacie práce  |4 pbl  |9 197122 
958 |a OND 
999 |c 559502  |d 561432 
952 |t P60, <03>, [BOOK], {603}  |a SNK  |b SNK  |y PREZ  |7 0  |p 17A0429474  |o snkSC 115875  |i snkK 333/2004  |g 1.63  |0 0  |1 0  |4 0  |d 2004-05-19  |f 1  |l 0  |r 2025-10-16 00:00:00  |w 2026-02-23 
952 |a SNK  |b SNK  |y VYP  |7 0  |p 17A1125513  |o snkSC 115875 D1  |i snk2016/27142  |8 1  |0 0  |1 0  |4 0  |d 2016-11-23  |l 0  |r 2026-02-23 13:37:33  |w 2026-02-23